| 000 | 01119nmm a2200373 a 4500 | ||
|---|---|---|---|
| 003 | AR-X00000XY | ||
| 005 | 20251128211933.0 | ||
| 008 | 297020s2001 ||||||||||||||000 | spa|| | ||
| 020 | _a968-23-2321-5 | ||
| 040 | _cAR-X00000XY | ||
| 245 | 1 | 0 |
_aPaulo Freire _buna biobibliografía |
| 250 | _a1ª ed. | ||
| 260 |
_aMéxico, D.F. _bSiglo Veintiuno _c2001 |
||
| 300 | 0 |
_a776 p. _bil. |
|
| 500 | 0 | _aIncluye glosario | |
| 600 | 1 | 4 | _aFreire, Paulo |
| 650 | 4 | _aBIBLIOGRAFIA | |
| 650 | 4 | _aEDUCADORES | |
| 650 | 4 | _aPEDAGOGIA | |
| 650 | 4 | _aBIOGRAFIAS EDUCACIONALES | |
| 653 | 0 | _aPEDAGOGOS | |
| 655 | _aBIOGRAFIAS | ||
| 700 | 1 |
_aGadotti, Moacir _ecompilador |
|
| 700 | 1 |
_aTorres, Carlos Alberto _ecompilador |
|
| 700 | 1 |
_aFreire, Ana Maria Araújo _ecolaborador |
|
| 700 | 1 |
_aCiseski, Angela Antunes _ecolaborador |
|
| 700 | 1 |
_aGutiérrez, Francisco _ecolaborador |
|
| 700 | 1 |
_aGerhardt, Heinz-Peter _ecolaborador |
|
| 700 | 1 |
_aRomão, José Eustáquio _ecolaborador |
|
| 700 | 1 |
_aPadilha, Paulo Roberto _ecolaborador |
|
| 700 | 1 |
_aLizardi, Arturo Ornelas _eprologuista |
|
| 942 | _cBK | ||
| 998 | _cNancy | ||
| 999 |
_c21694 _d21694 |
||